Aplikácia metodiky Six Sigma pri produktovej skupine BHCA v Kartesis SK s.r.o.
Saved in:
| Main Author: | |
|---|---|
| Other Authors: | |
| Format: | Manuscript Book |
| Language: | Slovak |
| Published: |
2022
|
| Subjects: | |
| Online Access: | http://is.stuba.sk/zp/portal_zp.pl?podrobnosti=170545 |
| Tags: |
No Tags, Be the first to tag this record!
|
MARC
| LEADER | 00000ntm a22000003a 4500 | ||
|---|---|---|---|
| 001 | stuzp88954 | ||
| 003 | SK-STU | ||
| 005 | 20220611211603.8 | ||
| 007 | ta | ||
| 008 | 150427s2015----xo-----f-mn---000-0-slo-d | ||
| 040 | |a STU |b slo | ||
| 041 | 0 | |a slo | |
| 100 | 1 | |a Zábojníková, Alica |u 064000 |4 aut |U MTF Materiálovotechnologická fakulta |T MTF Ústav priemyselného inžinierstva a manažmentu |X 105493 |U M4000 |Y 84 |7 105493 | |
| 242 | 0 | 1 | |a Using the Six Sigma method by products group BHCA in Kartesis SK s.r.o. |y eng |
| 245 | 1 | 0 | |a Aplikácia metodiky Six Sigma pri produktovej skupine BHCA v Kartesis SK s.r.o. |
| 260 | |c 2022 | ||
| 650 | 4 | |a Six Sigma |2 slo | |
| 650 | 4 | |a DMAIC |2 slo | |
| 650 | 4 | |a Manažérstvo kvality |2 slo | |
| 650 | 4 | |a Six Sigma |2 eng | |
| 650 | 4 | |a DMAIC |2 eng | |
| 650 | 4 | |a Quality Management |2 eng | |
| 700 | 1 | |a Lestyánszka Škůrková, Katarína |u 064000 |k Z1 |4 ths |U MTF Materiálovotechnologická fakulta |T MTF Ústav priemyselného inžinierstva a manažmentu |X 61397 |U M4000 |Y 84 |7 61397 | |
| 856 | 4 | |u http://is.stuba.sk/zp/portal_zp.pl?podrobnosti=170545 | |
| 996 | |c M* DP-15072 |l MMSKP |s P |a 0 |w stuzp88954_0001 | ||